Normal view
MARC view
- العامري، محمد أديب؛ إعداد وتقديم محمد سلأم جمعيان، إعداد وتقديم إيمان أحمد اللحام
Entry Personal Name
001 - CONTROL NUMBER
- control field: 51853
003 - CONTROL NUMBER IDENTIFIER
- control field: JO-AjAnu
005 - DATE AND TIME OF LATEST TRANSACTION
- control field: 20230606082528.0
008 - FIXED-LENGTH DATA ELEMENTS
- fixed length control field: 230606|| aca||aabn | a|a d
040 ## - CATALOGING SOURCE
- Original cataloging agency: JO-AjAnu
- Transcribing agency: JO-AjAnu
100 ## - HEADING--PERSONAL NAME
- Personal name: العامري، محمد أديب؛ إعداد وتقديم محمد سلأم جمعيان، إعداد وتقديم إيمان أحمد اللحام
670 ## - SOURCE DATA FOUND
- Source citation: Work cat.: (JO-AjAnu)26503: العامري، محمد أديب؛ إعداد وتقديم محمد سلأم جمعيان، إعداد وتقديم إيمان أحمد اللحام, author, شعاع النور: القدس العربية: عروبة فلسطين في التاريخ